| 000 | 01923nam0a2200385 4500 | ||
|---|---|---|---|
| 001 | RU\NLR\BIBL_A\012337089 | ||
| 005 | 20240809115139.0 | ||
| 010 |
_a978-5-00045-842-6 _9100 |
||
| 021 |
_aRU _bКН-П-20-026942 _9КН-П-20-2077 |
||
| 035 | _a(NLR Aleph) 012337089 | ||
| 035 | _a(RuMoRGB)010333374 | ||
| 090 |
_a11500669 _c11500669 |
||
| 100 | _a20200914d2020 u y0rusy50 ca | ||
| 101 | 0 | _arus | |
| 102 | _aRU | ||
| 105 | _ay|||j|||000zy | ||
| 181 | 0 |
_ai _baxxe |
|
| 182 | 0 | _an | |
| 200 | 1 |
_aОсновы тензорного анализа _e[учебное пособие] _fИ.М. Амрани, В.С. Кальницкий, М.Ю. Никанорова [и др.] _gСанкт-Петербургский государственный университет, Кафедра Высшей геометрии |
|
| 203 |
_aТекст _bвизуальный _cнепосредственный |
||
| 210 |
_aСанкт-Петербург _cЦНИТ "Астерион" _d2020 |
||
| 215 |
_a27, [1] с. _d21 |
||
| 311 | _aПродолж. кн. "Основы тензорного исчисления" | ||
| 320 | _aБиблиогр. в конце кн. (3 назв.) | ||
| 488 | 0 |
_12001#$aОсновы тензорного исчисления _tОсновы тензорного исчисления |
|
| 606 | 1 |
_aТензорный анализ _jУчебные издания для высших учебных заведений _91062255 _3RU\NLR\AUTH\6694010 |
|
| 686 | 1 | _aВ181.142я73-1 | |
| 700 | 1 |
_7ca _8rus _aАмрани _bИ. М. _gИлиас Мохаммедович _9270730 _3RU\NLR\AUTH\770270786 |
|
| 701 | 1 |
_aКальницкий _bВ. С. _gВячеслав Степанович |
|
| 701 | 1 |
_aНиканорова _bМ. Ю. _gМария Юрьевна |
|
| 942 | _cBOOK | ||
| 980 | _aNBR | ||
| 980 | _aNB | ||